000 00309nam a2200133Ia 4500
003 OSt
005 20240319101602.0
008 170524s9999 xx 000 0 und d
020 _a978-9332556997
040 _cIIMT UNIVERSITY
100 _aGREENBERG- J
245 0 _aBEHAVIOUR IN ORGANIZATION
942 _2ddc
_c02
999 _c9968
_d9968